Pays ayant le plus de pays limitrophes - Statistiques

Statistiques générales
  • Ce quiz a été pris 193 fois
  • Le résultat moyen est 15 sur 20
Statistiques - réponses
Réponse % Correct
14 Chine
98%
14 Russie
98%
11 France
95%
10 Bresil
92%
9 Allemagne
89%
9 (Republique démocratique du) Congo
87%
7 Pologne
77%
7 Iran
76%
7 Hongrie
74%
8 Autriche
73%
7 Niger
70%
7 Turquie
69%
7 Mali
68%
8 Serbie
68%
7 Arabie Saoudite
65%
7 Soudan
65%
7 Ukraine
65%
7 Algérie
50%
8 Tanzanie
41%
8 Zambie
41%
Aucun quiz correspondant
Distribution des résultats
% des personnes avec chaque résultat
Percentile par nombre de réponses
Votre historique - résultats
Vous n’avez pas pris ce quiz